Сертификация персонала по НК объектов железнодорожного транспорта; В мире неразрушающего контроля; № 4

Bibliografiske detaljer
Parent link:В мире неразрушающего контроля: Ежеквартальное журнальное обозрение.— , 2001-.— 1609-3178
№ 4.— 2005.— С. 51
Hovedforfatter: Дымкин Г. Я. Григорий Яковлевич
Sprog:russisk
Udgivet: 2005
Serier:Сертификация персонала
Fag:
Format: MixedMaterials Book Chapter
KOHA link:https://koha.lib.tpu.ru/cgi-bin/koha/opac-detail.pl?biblionumber=400471

MARC

LEADER 00000naa2a2200000 4500
001 400471
005 20231101065409.0
035 |a (RuTPU)RU\TPU\prd\42826 
090 |a 400471 
100 |a 20060417a2005 k y0rusy50 ca 
101 0 |a rus 
102 |a RU 
200 1 |a Сертификация персонала по НК объектов железнодорожного транспорта  |f Г. Я. Дымкин 
225 1 |a Сертификация персонала 
320 |a Библиогр.: 1 назв. 
461 0 |0 (RuTPU)RU\TPU\prd\1155  |x 1609-3178  |t В мире неразрушающего контроля  |o Ежеквартальное журнальное обозрение  |d 2001- 
463 0 |0 (RuTPU)RU\TPU\prd\42040  |t № 4  |v С. 51  |d 2005 
610 1 |a сертификация 
610 1 |a железнодорожный транспорт 
610 1 |a персонал 
610 1 |a неразрушающий контроль 
610 1 |a нормативно-методические документы 
610 1 |a пересмотр 
700 1 |a Дымкин  |b Г. Я.  |g Григорий Яковлевич 
801 1 |a RU  |b 63413507  |c 20060417  |g PSBO 
942 |c BK